| 000 | 00953cam a22001934a 4500 | ||
|---|---|---|---|
| 005 | 20250605164337.0 | ||
| 008 | 250528s ||||||||||||||||||||||||d | ||
| 035 | _a23481 | ||
| 040 |
_aGR-AtMCL _bgre _dGR-AtMCL _eAACR2 |
||
| 245 | 1 | _a''Psychologists'' Experiences Concerning Premature Dropouts/This Study is Conducted for the Fulfilment of the BSc in Applied Psychology | |
| 260 | _c2019 | ||
| 300 | _a44 | ||
| 520 | _aDeclaration, Acknowledgements, Abstract, Introduction, Methodology, Analytical Methodology, Data Collection, Materials, Sample and Participant, Procedure, Data Analysis, Ethics, Reflexivity, Analysis, Discussion, Conclusion, References, Information Sheet, Brief Form, Consent Form, Debrief Form, Interview Schedule, Spidergraph, Table of Themes, Personal Development Plan, Coursework Checklist. | ||
| 700 | 1 |
_aLoupou Eleni _99045 |
|
| 700 | 1 |
_aThalassinos Stavros _99046 |
|
| 942 | _cDS | ||
| 999 |
_c8491 _d8491 |
||